Nuestras investigaciones sobre el cáncer / (Record no. 138327)

MARC details
000 -LEADER
campo de control de longitud fija 00580nam a2200181 4500
001 - NÚMERO DE CONTROL
campo de control 138327
003 - IDENTIFICADOR DE NÚMERO DE CONTROL
campo de control ES-MaACL
005 - FECHA Y HORA DE LA ÚLTIMA TRANSACCIÓN
campo de control 20230906195538.0
007 - CAMPO FIJO DE DESCRIPCIÓN FÍSICA--INFORMACIÓN GENERAL
campo de control de longitud fija t|
008 - DATOS DE LONGITUD FIJA--INFORMACIÓN GENERAL
campo de control de longitud fija 070214s1932 sp r ||||1| spa d
100 1# - ENTRADA PRINCIPAL--NOMBRE DE PERSONA
Nombre de persona Sanchís Perpiñá, Vicente.
9 (RLIN) 103019
245 10 - MENCIÓN DEL TÍTULO
Título Nuestras investigaciones sobre el cáncer /
Mención de responsabilidad, etc. V. Sanchís Perpiñá y F. Sanz de Frutos.
260 ## - PUBLICACIÓN, DISTRIBUCIÓN, ETC.
Lugar de publicación, distribución, etc. Madrid :
Nombre del editor, distribuidor, etc. [s. n.],
Fecha de publicación, distribución, etc. 1932.
300 ## - DESCRIPCIÓN FÍSICA
Extensión 6 p. ;
Dimensiones 30 cm.
500 ## - NOTA GENERAL
Nota general Tirada aparte de: Los progresos de la clínica, nº 247.
700 1# - ENTRADA AGREGADA--NOMBRE PERSONAL
Nombre de persona Sanz de Frutos, F.
9 (RLIN) 103629
852 ## - LOCALIZACIÓN
Ubicación ES-MaACL
Número de control de estantería 1702-F-17
Holdings
Estatus retirado Estado de pérdida Estado de daño No para préstamo Colección Biblioteca de origen Biblioteca actual Ubicación en estantería Fecha de adquisición Fuente de adquisición Total de préstamos Signatura topográfica completa Código de barras Visto por última vez Precio de reemplazo Tipo de ítem Koha
        Colección de folletos Biblioteca del Ateneo de Madrid Biblioteca del Ateneo de Madrid Depósito folletos 17/01/2008     1702-F-17 1143937 23/02/2023 23/02/2023 Folleto